La abogacía o el arte del abogado.
Furkejuvvon:
| Váldodahkki: | |
|---|---|
| Materiálatiipa: | Girji |
| Giella: | espánnjágiella |
| Almmustuhtton: |
Madrid, España
Alegría y Chablain
1842
|
| Fáttát: | |
| Fáddágilkorat: |
Lasit fáddágilkoriid
Eai fáddágilkorat, Lasit vuosttaš fáddágilkora!
|
MARC
| LEADER | 00000nam a2200000 a 4500 | ||
|---|---|---|---|
| 001 | UCR2382 | ||
| 003 | CL-VaPUC | ||
| 005 | 20240607100540.0 | ||
| 008 | 980112e18420000SP |||||||||||||||||spa|d | ||
| 999 | |c 265550 |d 265548 | ||
| 040 | |c Pontificia Universidad Católica de Valparaíso | ||
| 082 | 0 | 4 | |a 340.023 CAM 1842 |2 21 |
| 100 | 0 | |a Campos Carballar, Pablo |9 400166 | |
| 245 | 1 | 3 | |a La abogacía o el arte del abogado. |
| 260 | 0 | 3 | |a Madrid, España |b Alegría y Chablain |c 1842 |
| 300 | |a 248 páginas. | ||
| 500 | |a Obra que con el título de La profesión de abogado escribió en francés Mr. Dupin | ||
| 583 | |a last modification |c 20121001 11:59:21 |k Rodrigo Vera | ||
| 650 | 0 | |a Abogados |9 256284 | |
| 650 | 7 | |a SOCIEDAD DE ABOGADOS |2 CL-VaPUC |9 400167 | |
| 650 | 0 | |a Etica profesional |9 255694 | |
| 650 | 7 | |a COLEGIO DE ABOGADOS |2 CL-VaPUC |9 400168 | |
| 650 | 0 | |a Aranceles profesionales |9 400169 | |
| 942 | |c BK |2 ddc | ||
| 945 | |d 19980112 00:00:00 |a cmena | ||
| 952 | |0 0 |1 0 |2 ddc |4 0 |6 340_023000000000000_CAM_1842 |7 0 |8 DER_HIS |9 296525 |a BIBDER |b BIBDER |d 2019-11-20 |i 1923587 |l 1 |o 340.023 CAM 1842 |p 1923587 |r 2023-01-25 |s 2020-03-19 |t 1 |w 2019-11-20 |x Ubicación 4to Piso |y BK_X |z Estos recursos deben solicitarse con anticipación |k DER | ||